Biggest Cities of the Holy Roman Empire before the Thirty Years' War - Statistics

General Stats
  • This quiz has been taken 411 times
    397 since last reset
  • The average score is 51 of 103
Answers on the Map
Answers color-coded by a green-red scale on the quiz's map according to % correct below.
 
Answer Stats
Population City % Correct
100,000 Amsterdam
97%
120,000 Milan
96%
60,000 Prague
96%
20,000 Munich
95%
38,000 Hamburg
94%
50,000 Vienna
94%
10,000 Berlin
93%
65,000 Genoa
93%
50,000 Brussels
92%
40,000 Cologne
92%
75,000 Florence
92%
19,000 Rotterdam
90%
22,000 Turin
88%
47,000 Antwerp
86%
20,000 Frankfurt am Main
86%
13,000 Frankfurt an der Oder
86%
50,000 Nuremberg
86%
16,000 Geneva
84%
15,000 Leipzig
83%
21,000 Bremen
82%
25,000 Straßburg
82%
15,000 The Hague
82%
17,000 Dresden
81%
27,000 Bruges
79%
31,000 Ghent
79%
15,000 Pisa
79%
16,000 Nice
77%
30,000 Utrecht
76%
33,000 Lille
75%
30,000 Liège
74%
30,000 Breslau
72%
25,000 Lübeck
72%
14,000 Aachen
71%
48,000 Augsburg
68%
17,000 Groningen
65%
12,000 Stettin
65%
11,000 Basel
64%
15,000 Rostock
62%
23,000 Parma
61%
25,000 Magdeburg
60%
18,000 Modena
59%
21,000 Ulm
58%
13,000 Mainz
57%
60,000 Regensburg
57%
10,000 Pilsen
55%
24,000 Lucca
54%
19,000 Siena
53%
10,000 Dunkirk
52%
39,000 Haarlem
52%
12,000 Maastricht
50%
11,000 Münster
48%
10,000 Freiburg im Breisgau
47%
11,000 Freiberg
46%
11,000 Nancy
45%
20,000 Braunschweig
44%
19,000 Erfurt
44%
12,000 Como
42%
31,000 Mantua
41%
12,000 Besançon
39%
12,000 Brandenburg an der Havel
39%
10,000 Halle
38%
10,000 Worms
37%
44,000 Leiden
36%
14,000 Lüneburg
36%
15,000 Stralsund
34%
25,000 Pavia
33%
12,000 Nijmegen
31%
40,000 Cremona
30%
12,000 Alkmaar
29%
12,000 Bamberg
29%
11,000 Olmütz
29%
33,000 Piacenza
29%
20,000 Delft
28%
11,000 Reggio Emilia
28%
19,000 Emden
27%
14,000 Alessandria
26%
13,000 Den Bosch
25%
11,000 Leeuwarden
25%
20,000 Tournai
25%
12,000 Cambrai
24%
16,000 Mons
24%
20,000 Arras
22%
18,000 Dordrecht
20%
11,000 Hildesheim
20%
10,000 Courtrai
19%
14,000 Gouda
19%
18,000 Middelburg
19%
11,000 Douai
18%
11,000 Mechelen
18%
15,000 Valenciennes
18%
12,000 Glogau
17%
10,000 Savona
16%
14,000 Lodi
14%
11,000 Kuttenberg
12%
12,000 Halberstadt
11%
14,000 Hoorn
11%
10,000 Grünberg in Schlesien
10%
10,000 Vercelli
9%
21,000 Enkhuizen
6%
10,000 Casale Monferrato
5%
11,000 Chieri
2%
10,000 Fossano
2%
11,000 Mondovì
2%
No matching quizzes found
Score Distribution
Percent of People with Each Score
Percentile by Number Answered
Your Score History
You have not taken this quiz since the last reset